000 00424nam a2200169 a 4500
001 0000-9306
003 ELIB.Books
008 110520 1960
035 _a(ELIB.Books)0000-9458
082 _a220.71
_bSoh
100 _aSohn, Otto E.
245 _aWhat's the Answer?
260 _bSaint Louis; Concordia Publishing house
_c1960
650 _aBible
942 _2ddc
_cBK
998 _cbat
_e2011-05-20
999 _c9306
_d9306